| 000 | 00480pab a2200169 454500 | ||
|---|---|---|---|
| 008 | 180718b2009 xxu||||| |||| 00| 0 eng d | ||
| 100 | _aRazmi, Arslan | ||
| 245 | _aDoes pleasing export-oriented foreign investors help your balance of payments? A general equilibrium analysis | ||
| 260 | _c2009 | ||
| 300 | _ap.128-49. | ||
| 362 | _aJan | ||
| 650 | _aBalance of payments | ||
| 650 | _aForeign investment | ||
| 773 | _aOxford Economic Papers | ||
| 908 | _aN | ||
| 909 | _a82551 | ||
| 999 |
_c82551 _d82551 |
||